| 000 | 01055nam0a2200301 4500 | ||
|---|---|---|---|
| 001 | RU\NLR\bibl\64523 | ||
| 005 | 20260405090751.0 | ||
| 010 |
_a5-7632-0769-6 _910000 |
||
| 021 |
_aRU _b98-43399 _92083 |
||
| 035 | _a(NLR Aleph) 000062967 | ||
| 090 |
_a343930 _c343930 |
||
| 100 | _a19991220d1998 |||y0rusy50 ca | ||
| 101 | 1 |
_arus _ceng |
|
| 102 | _aRU | ||
| 105 | _a|||||||||||a| | ||
| 200 | 1 |
_aШхуна, которая не желала плавать _aЗмеиное кольцо _e[Романы] _eПер. с англ. _fФарли Моуэт _g[Ил. В. Брагинского] |
|
| 210 |
_aМ. _cАРМАДА _d1998 |
||
| 215 |
_a410, [1] c. _cил. _d21 |
||
| 225 | 1 |
_aЗеленая серия _hВокруг света |
|
| 686 | _aШ6(7К)107-4 | ||
| 700 | 1 |
_4070 _8rus _7ca _aМоуэт _bФ. М.-Г. _f1921-2014 _gФарли Мак-Гилл _3RU\NLR\AUTH\7732344 _915352 |
|
| 801 | 0 |
_aRU _bNLR _c19991220 _gPSBO |
|
| 801 | 1 |
_aRU _bNLR _c19991220 |
|
| 852 |
_aNLR _j99-3/16320 |
||
| 942 | _cBOOK | ||
| 980 | _aNB | ||